000 00492nam a2200145 4500
999 _c10667
_d10667
008 180913b ||||| |||| 00| 0 eng d
022 _a16565649
082 _aDPer 303.405 H22 June -Sept 2016 v.12 n. 7-10
100 _931139
_aHongzuo, Liu.
245 _aPicture perfect/
_cLiu Hongzuo.
260 _aQuezon City:
_bHardware Zone Phils. Corp.,
_c©June -Sept 2016.
300 _av12 n8, page 91.
_billustrations;
_c28 cm.
650 0 _931140
_aCellular telephones
_xCameras.
942 _2ddc
_cPER